000 00874nam a22001937a 4500
005 20250113104012.0
010 _aHIN-129180
020 _a9788193324349
_c650.00
035 _aHN-101526
037 _bDBAD
082 _a954.02
100 _aशर्मा, अशोक कुमार
_976405
245 _aभारत में मुग़ल साम्राज्य/
_cअशोक कुमार शर्मा
250 _aप्रथम
260 _aदिल्ली
_bकृष्णा पब्लिशिंग हाउस
_c2023
270 _aए-49, तृतीय तल, गलीनं6 जगतपुरी एक्सटेंशन
_bदिल्ली
_e110093
_k0-8851868441
_mkphouse2018@gmail.com
300 _a216 पृ.
_c22 सेमी (सजिल्द )
942 _2ddc
_cHN
_h954.02
_mशर्माअ
999 _c208154
_d208154